| 000 | 01623cam a2200373 a 4500 | ||
|---|---|---|---|
| 001 | EDZ0000082883 | ||
| 003 | StDuBDS | ||
| 005 | 20161031105148.0 | ||
| 006 | m||||||||d|||||||| | ||
| 007 | cr ||||||||||| | ||
| 008 | 120427s2010 cau fo| 001|0|eng d | ||
| 020 |
_a9781452219387 (ebook) : _cNo price |
||
| 040 |
_aStDuBDS _beng _cStDuBDS _epn |
||
| 049 | _aAlfaisal Main Library | ||
| 050 | 0 |
_aLB1731 _b.J678 2010 |
|
| 082 | 0 | 4 |
_a370.7155 _223 |
| 100 | 1 | _aJoyce, Bruce R. | |
| 245 | 1 | 0 |
_aModels of professional development _h[electronic resource] : _ba celebration of educators / _cBruce Joyce, Emily Calhoun. |
| 260 |
_aThousand Oaks, Calif. ; _aLondon : _bCorwin, _cc2010. |
||
| 300 | _a1 online resource (149 p.) | ||
| 500 | _aPublished in association with the National Staff Development Council. | ||
| 504 | _aIncludes bibliographical references and index. | ||
| 520 | 8 | _aIdentifying the major contemporary models of staff development this comprehensive resource shows educational leaders how models can be effectively designed and implemented to meet the multifaceted professional development needs of any school. | |
| 521 | _aSpecialized. | ||
| 588 | _aDescription based on print version record. | ||
| 650 | 0 |
_aTeachers _xIn-service training _zUnited States. |
|
| 655 | 7 |
_aElectronic books. _2local |
|
| 700 | 1 | _aCalhoun, Emily. | |
| 710 | 2 | _aSage eBooks | |
| 710 | 2 | _aNational Staff Development Council (U.S.) | |
| 776 | 0 | 8 |
_iPrint version : _z9781412978064 |
| 856 | 4 | 0 | _uhttp://ezproxy.alfaisal.edu/login?url=http://sk.sagepub.com/books/models-of-professional-development |
| 942 |
_2lcc _cEBOOKS |
||
| 999 |
_c480679 _d480679 |
||